000
00295nam a22001217a 4500
020
_a
0-340-05343-7
082
_a
519.5 PAR'S
100
_a
PARADINE, C.G ,EVIETT, B.H.P
_9
57352
245
_a
STATISTICAL METHODS FOR TECHNOLOGISTS
260
_a
LONDON
_b
EUP
_c
1960
300
_a
288P
942
_c
BK
999
_c
567642
_d
567642